Censo Nacional de Población y Vivienda 1980 serie B
Uložené v:
| Médium: | Kniha |
|---|---|
| Jazyk: | Spanish |
| Vydavateľské údaje: |
Buenos Aires
Instituto Nacional de Estadistica y Censos
1980
|
| Tagy: |
Žiadne tagy, Buďte prvý, kto otaguje tento záznam!
|
MARC
| LEADER | 00000nam a2200000 4500 | ||
|---|---|---|---|
| 001 | c136258 | ||
| 005 | 20041019155306.7 | ||
| 041 | 0 | |a spa | |
| 044 | |a AR | ||
| 245 | 1 | 0 | |a Censo Nacional de Población y Vivienda 1980 |b serie B |
| 264 | 1 | |a Buenos Aires |b Instituto Nacional de Estadistica y Censos |c 1980 | |
| 300 | |a 160 s. | ||